000 00491nam a22001817a 4500
003 OSt
005 20151013144927.0
008 130306t xxu||||| |||| 00| 0 eng d
020 _a0826484743
050 _aB 804
_b.W555 2005
082 _aIB 190
_bW55 2003
100 _aBaggini, Julian
245 _aWhat philosophers think /
_cEdited by Julian Baggini and Jeremy Stangroom.
260 _aLondon:
_bContinuum,
_cc2003.
300 _a245 p. :
_c20 cm.
942 _2lcc
_cBK
999 _c2009
_d2009